Statistics for Lana Del Rey - Thunder - Lyrics

Click here to take the quiz!

General Stats

  • This quiz has been taken 35 times
  • The average score is 161 of 239

Answer Stats

Answer% Correct
I
96%
thunder,
96%
thunder
96%
when
96%
You
96%
you
96%
you,
96%
come
92%
in
92%
like
92%
when
92%
crashing
88%
your
88%
do
84%
the
84%
you're
84%
all
80%
don't
80%
it,
80%
it
80%
with
80%
you're
80%
friend,
76%
just
76%
Just
76%
roll
76%
wait
76%
wait.
76%
But
72%
but
72%
friends.
72%
bright
64%
end.
64%
ends.
64%
party
64%
That
64%
that
64%
fire
60%
fire,
60%
fucking
60%
know
60%
that's
60%
what
60%
act
56%
bottle,
56%
if
56%
If
56%
on
56%
side
56%
why
56%
begins
52%
begins.
52%
left
52%
my
52%
been
48%
burning,
48%
burning.
48%
keep
48%
me
48%
Mr. Brightside
48%
new
48%
rain.
48%
rainbows
48%
same
48%
since
48%
wanna
48%
ain't
44%
And
44%
and
44%
Cause
44%
cause
44%
day
44%
drinks
44%
each
44%
pouring
44%
to
44%
wind.
44%
wind
44%
Baby,
40%
baby,
40%
lightning
40%
not
40%
satisfied
40%
visiting.
40%
hand.
36%
see
36%
then,
36%
try
36%
at
32%
goodbye
32%
means
32%
should
32%
away.
28%
better
28%
hello
28%
lit
28%
town
28%
walk
28%
catch
24%
party's
24%
Regattas
24%
moonbeam
20%
Honey,
16%
tryna
16%
half-cut
12%
Spare
12%
til
12%
ablaze.
8%
alive.
8%
blade.
8%

Score Distribution

Percentile by Number Answered

Percent of People with Each Score

Your Score History

You have not taken this quiz